000 00617nam0a22002291 4500
001 rc\804176
005 20041129090855.8
035 _a(NLR Aleph) 005988211
090 _a7100005
_c7100005
100 _a20041129d1984 u |0rusy50 ca
101 0 _arus
102 _aRU
105 _ay |||||||||
200 1 _aДоклад о революции 1905 года
210 _aМ.
_cПолитиздат
_d1984
215 _a23 с.
_d20
700 1 _aЛенин
_bВ. И.
_gВладимир Ильич
801 0 _aRU
_bNLR
_gpsbo
801 1 _aRU
_bELAR
_2rusmarc
852 _aNLR
_bЛ
_j1-17/2-24
942 _cBOOK
980 _aNB